| 000 | 01357nam a2200337Ia 4500 | ||
|---|---|---|---|
| 001 | ebr10160992 | ||
| 003 | CaPaEBR | ||
| 006 | m u | ||
| 007 | cr cn||||||||| | ||
| 008 | 060601s2007 enka sb 001 0 eng d | ||
| 020 | _z9781859591581 | ||
| 020 | _z185959154X | ||
| 020 | _z9781859591543 | ||
| 040 |
_aCaPaEBR _cCaPaEBR |
||
| 035 | _a(OCoLC)246970531 | ||
| 050 | 1 | 4 |
_aRC660 _b.H355 2007eb |
| 082 | 0 | 4 |
_a362.196462 _222 |
| 100 | 1 |
_aHall, Gwen, _cRMN. |
|
| 245 | 1 | 0 |
_aProviding diabetes care in general practice _h[electronic resource] : _ba practical guide to integrated care. |
| 250 |
_a5th ed. / _bGwen Hall. |
||
| 260 |
_aLondon : _bClass Pub., _c2007. |
||
| 300 |
_axiv, 434 p. : _bill. |
||
| 500 | _aRev. ed. of: Providing diabetes care in general practice / Mary MacKinnon. 4th ed. 2002. | ||
| 504 | _aIncludes bibliographical references and index. | ||
| 533 |
_aElectronic reproduction. _bPalo Alto, Calif. : _cebrary, _d2009. _nAvailable via World Wide Web. _nAccess may be limited to ebrary affiliated libraries. |
||
| 650 | 0 |
_aDiabetes _xTreatment _zGreat Britain. |
|
| 650 | 0 |
_aPrimary care (Medicine) _zGreat Britain. |
|
| 655 | 7 |
_aElectronic books. _2local |
|
| 710 | 2 | _aebrary, Inc. | |
| 856 | 4 | 0 |
_uhttp://site.ebrary.com/lib/rucke/Doc?id=10160992 _zAn electronic book accessible through the World Wide Web; click to view |
| 999 |
_c133164 _d133164 |
||